000 00408nam a2200169Ia 4500
008 230524s9999 xx 000 0 und d
020 _a812390858X
082 _a541.3
_bPAR
100 _aS.Parker Smith
245 0 _aProblems in Electrical Engineering
250 _a5TH
260 _aNEW DELHI
_bCBS
_c2003
300 _aXVI;859
500 _aQuantity Number: 30
650 _aElectrical
942 _cBK
999 _c21401
_d21401